Mass transfer : (Record no. 57910)

MARC details
000 -LEADER
fixed length control field 01135nam a22002657a 4500
005 - DATE AND TIME OF LATEST TRANSACTION
control field 20111031144644.0
008 - FIXED-LENGTH DATA ELEMENTS--GENERAL INFORMATION
fixed length control field 111031t xxu||||| |||| 00| 0 eng d
010 ## - LCCN (DPL NO)
LC control number ENG-103994
020 ## - INTERNATIONAL STANDARD BOOK NUMBER
International Standard Book Number 9788120341692
Terms of availability 325.00
035 ## - SYSTEM CONTROL NUMBER
System control number EN-87527
037 ## - SOURCE OF ACQUISITION
Source of stock number/acquisition DBAD/PUB
040 ## - CATALOGING SOURCE
Original cataloging agency DPL
Language of cataloging Eng
082 ## - DEWEY DECIMAL CLASSIFICATION NUMBER
Classification number 660.28423
100 1# - MAIN ENTRY--PERSONAL NAME
Personal name Anantharaman, N.
9 (RLIN) 35603
245 10 - TITLE STATEMENT
Title Mass transfer :
Statement of responsibility, etc by N. Anantharaman [and] K.M. Meera Sheriffa Begum
Remainder of title theory and practice /
260 ## - PUBLICATION, DISTRIBUTION, ETC. (IMPRINT)
Place of publication, distribution, etc New Delhi
Name of publisher, distributor, etc PHI Learning
Date of publication, distribution, etc 2011
270 ## - ADDRESS
Address M-97, Connaught Circus
City New Delhi
Postal code 110001
300 ## - PHYSICAL DESCRIPTION
Extent xix,424p.
Dimensions 24cm (pbk)
500 ## - GENERAL NOTE
General note Includes index
650 #0 - SUBJECT ADDED ENTRY--TOPICAL TERM
9 (RLIN) 35604
700 ## - ADDED ENTRY--PERSONAL NAME
Personal name Meera Sheriffa Begum, K.M.
9 (RLIN) 35606
942 ## - ADDED ENTRY ELEMENTS (KOHA)
Source of classification or shelving scheme Dewey Decimal Classification
Item type English Books
Classification part 660.28423
Call number suffix ANA
Holdings
Withdrawn status Lost status Source of classification or shelving scheme Damaged status Not for loan Collection code Home library Current library Date acquired Source of acquisition Cost, normal purchase price Total Checkouts Full call number Barcode Date last seen Copy number Cost, replacement price Koha item type
    Dewey Decimal Classification   Not For Loan Non-fiction D.B.Act.Division D.B.Act.Division 31/10/2011 DBAD/PUB 325.00   660.28423 ANA EN-87527 31/10/2011 1 325.00 English Books

© Delhi Public Library
Hit Counter
free hit counter